[Event "Oberliga Ost-B 1314"]
[Site "Germany"]
[Date "2013.11.10"]
[Round "3.3"]
[White "Schlamp, Robert"]
[Black "Guenther, Christian1111"]
[Result "1-0"]
[WhiteElo "2309"]
[BlackElo "2175"]
[PlyCount "79"]
[EventDate "2013.10.13"]
[EventType "team-tourn"]
[EventRounds "11"]
[EventCountry "GER"]
[SourceTitle "EXT 2015"]
[Source "ChessBase"]
[SourceDate "2014.11.20"]
[SourceVersion "1"]
[SourceVersionDate "2014.11.20"]
[SourceQuality "1"]
[WhiteTeam "Oberursel"]
[BlackTeam "Sangerhausen"]
[WhiteTeamCountry "GER"]
[BlackTeamCountry "GER"]

1. e4 Nf6 2. Nc3 d5 3. exd5 Nxd5 4. g3 Bf5 5. Bg2 c6 6. Nf3 e6 7. Nh4 Bg6 8. 0-0 Be7 9. Nxg6 hxg6 10. Ne4 Nd7 11. d4 N5f6 12. Ng5 Nh7 13. Nh3 Nb6 14. a4 a5 15. Qd3 Nd5 16. Qb3 Qd7 17. Bd2 0-0 18. Rad1 Rfd8 19. c4 Nb4 20. Bc3 Qc7 21. Nf4 Bd6 22. Ne2 Be7 23. Rfe1 Rd7 24. h4 Rad8 25. Bh3 g5 26. hxg5 Nxg5 27. Bg2 c5 28. Bxb4 cxb4 29. d5 exd5 30. Bxd5 Bc5 31. Kg2 Qb6 32. Rf1 Rd6 33. Nf4 Rf6 34. Qd3 Rdd6 35. Rh1 g6 36. Qe2 Rd8 37. Qg4 Ne6 38. Qh4 Nxf4+ 39. gxf4 Kf8 40. Rde1 1-0

[Event "Oberliga Ost-B 1314"]
[Site "Germany"]
[Date "2013.11.09"]
[Round "2.3"]
[White "Reipsch, Jens"]
[Black "Schlamp, Robert"]
[Result "1-0"]
[WhiteElo "2196"]
[BlackElo "2309"]
[PlyCount "105"]
[EventDate "2013.10.13"]
[EventType "team-tourn"]
[EventRounds "11"]
[EventCountry "GER"]
[SourceTitle "EXT 2015"]
[Source "ChessBase"]
[SourceDate "2014.11.20"]
[SourceVersion "1"]
[SourceVersionDate "2014.11.20"]
[SourceQuality "1"]
[WhiteTeam "Halle"]
[BlackTeam "Oberursel"]
[WhiteTeamCountry "GER"]
[BlackTeamCountry "GER"]

1. e4 c5 2. Nf3 Nc6 3. d4 cxd4 4. Nxd4 Nf6 5. Nc3 d6 6. Be2 Bd7 7. Be3 Nxd4 8. Qxd4 e5 9. Qd2 Qa5 10. 0-0 Rc8 11. Rfd1 a6 12. Nd5 Qxd2 13. Nxf6+ gxf6 14. Rxd2 Rg8 15. c4 f5 16. exf5 Bxf5 17. Re1 Be4 18. f3 Bc6 19. Kf2 f5 20. Bd3 Bd7 21. Bd4 Be7 22. c5 f4 23. g3 Bg5 24. Rdd1 Kd8 25. Bc3 Rxc5 26. Bb4 Rd5 27. Be4 Rb5 28. Bxd6 Rxb2+ 29. Re2 Rxe2+ 30. Kxe2 fxg3 31. hxg3 Bf6 32. Kf2 b5 33. Bb4 Be7 34. Bc6 Bxb4 35. Rxd7+ Kc8 36. Rxh7 Rg6 37. Bb7+ Kb8 38. g4 Rd6 39. Ke3 a5 40. Ke4 Rb6 41. Bd5 Kc8 42. g5 Kd8 43. Kf5 Be7 44. Rh6 Rxh6 45. gxh6 Bf8 46. Kg6 Bxh6 47. Kxh6 Ke7 48. Kg5 Kd6 49. Be4 Kc5 50. Kf5 Kd4 51. Bc6 b4 52. Ke6 e4 53. fxe4 1-0

[Event "Oberliga Ost-B 1213"]
[Site "Germany"]
[Date "2013.04.14"]
[Round "11.4"]
[White "Schlamp, Robert"]
[Black "Jakel, Wolfgang"]
[Result "1-0"]
[WhiteElo "2292"]
[BlackElo "2220"]
[PlyCount "81"]
[EventDate "2012.09.30"]
[EventType "team-tourn"]
[EventRounds "11"]
[EventCountry "GER"]
[SourceTitle "EXT 2014"]
[Source "ChessBase"]
[SourceDate "2013.11.20"]
[SourceVersion "1"]
[SourceVersionDate "2013.11.20"]
[SourceQuality "1"]
[WhiteTeam "Oberursel"]
[BlackTeam "Offenbach"]
[WhiteTeamCountry "GER"]
[BlackTeamCountry "GER"]

1. e4 e5 2. Nc3 Nf6 3. g3 Bc5 4. Bg2 d6 5. Na4 Nbd7 6. Nxc5 Nxc5 7. d3 Bg4 8. f3 Be6 9. Ne2 c6 10. Be3 Qe7 11. 0-0 d5 12. Qe1 d4 13. Bd2 Nfd7 14. a4 0-0 15. f4 Bg4 16. fxe5 Bxe2 17. Qxe2 Nxe5 18. Bh3 Rfd8 19. Qh5 Ncd7 20. Rf4 Nf8 21. Rf5 f6 22. Qe2 c5 23. b3 b6 24. g4 Ne6 25. Bg2 Ng6 26. Qf2 a6 27. h4 Rac8 28. g5 fxg5 29. hxg5 Rf8 30. Rf1 Rcd8 31. Qg3 Qd6 32. Qg4 Ne7 33. Rxf8+ Rxf8 34. Rxf8+ Nxf8 35. Bf4 Qe6 36. Bh3 Qxg4+ 37. Bxg4 Kf7 38. Bc7 Kg6 39. Bxb6 Kxg5 40. Bh3 Kh4 41. Kh2 1-0

[Event "Oberliga Ost-B 1213"]
[Site "Germany"]
[Date "2012.09.30"]
[Round "1.4"]
[White "Henrich, Thomas"]
[Black "Schlamp, Robert"]
[Result "0-1"]
[WhiteElo "2224"]
[BlackElo "2292"]
[PlyCount "184"]
[EventDate "2012.09.30"]
[EventType "team-tourn"]
[EventRounds "11"]
[EventCountry "GER"]
[SourceTitle "EXT 2014"]
[Source "ChessBase"]
[SourceDate "2013.11.20"]
[SourceVersion "1"]
[SourceVersionDate "2013.11.20"]
[SourceQuality "1"]
[WhiteTeam "Giessen"]
[BlackTeam "Oberursel"]
[WhiteTeamCountry "GER"]
[BlackTeamCountry "GER"]

1. e4 e5 2. d4 exd4 3. Nf3 Nc6 4. Nxd4 g6 5. Nc3 Bg7 6. Nxc6 bxc6 7. Bc4 d6 8. 0-0 Be6 9. Bxe6 fxe6 10. Qd3 Qf6 11. Qa6 Ne7 12. Qb7 Kd7 13. Qa6 Rhb8 14. Qa5 Qh4 15. f4 Bd4+ 16. Kh1 Ng8 17. Ne2 Rb5 18. Qd2 Bb6 19. Qe1 Qxe1 20. Rxe1 Nf6 21. Nc3 Rh5 22. Nd1 Rf8 23. g3 Ng4 24. h4 e5 25. Kg2 exf4 26. Bxf4 Rc5 27. c3 Re8 28. Kf3 Nh2+ 29. Kg2 Ng4 30. Kf3 h5 31. Ne3 Ne5+ 32. Ke2 Rb5 33. b3 Bxe3 34. Bxe3 Ng4 35. Kd3 Rbe5 36. Bd4 R5e6 37. b4 a6 38. Re2 Rf8 39. Rg1 Rf3+ 40. Kd2 Re7 41. Rgg2 Ke6 42. Kc2 Ref7 43. Re1 Ne5 44. Ree2 Ng4 45. Re1 Rf1 46. Ree2 R7f3 47. Kb3 Rd1 48. Ka4 Kd7 49. Rd2 Rxd2 50. Rxd2 Kc8 51. Rd1 Rxg3 52. Rf1 Rg2 53. Rf8+ Kb7 54. Kb3 Re2 55. Rg8 Rxe4 56. Rxg6 Ne5 57. Rg5 Nf3 58. Rxh5 Rxh4 59. Rxh4 Nxh4 60. Ka4 Nf3 61. Be3 Ne5 62. Bd4 Nd7 63. Bf2 Nf6 64. Bd4 Ne4 65. Ka5 c5 66. bxc5 dxc5 67. Be5 Nd2 68. Bg7 Nc4+ 69. Ka4 Kc6 70. Kb3 Kd5 71. Bh6 Nb6 72. Bf4 c4+ 73. Ka3 Ke4 74. Bxc7 Nd5 75. Ba5 Ke3 76. Kb2 Kd3 77. a3 Kd2 78. Bd8 Kd1 79. Bg5 Nb6 80. Bf6 Na4+ 81. Kb1 Kd2 82. Bg7 Nxc3+ 83. Kb2 Na4+ 84. Ka2 Kc2 85. Ka1 Kb3 86. Kb1 c3 87. Bd4 Nb2 88. Ka1 Nd3 89. a4 c2 90. Be3 c1Q+ 91. Bxc1 Nxc1 92. Kb1 Nd3 0-1

[Event "Oberliga Ost-B 1112"]
[Site "Germany"]
[Date "2012.04.14"]
[Round "10.4"]
[White "Dreyer, Michael"]
[Black "Schlamp, Robert"]
[Result "1-0"]
[WhiteElo "2219"]
[BlackElo "2339"]
[PlyCount "70"]
[EventDate "2011.10.02"]
[EventType "team-tourn"]
[EventRounds "11"]
[EventCountry "GER"]
[SourceTitle "EXT 2013"]
[Source "ChessBase"]
[SourceDate "2012.11.22"]
[SourceVersion "1"]
[SourceVersionDate "2012.11.22"]
[SourceQuality "1"]
[WhiteTeam "Jena Schott"]
[BlackTeam "Oberursel"]
[WhiteTeamCountry "GER"]
[BlackTeamCountry "GER"]

1. e4 e6 2. d3 d5 3. Nd2 c5 4. Ngf3 Nc6 5. g3 Bd6 6. Bg2 Nge7 7. 0-0 0-0 8. Re1 b5 9. c3 b4 10. e5 Bc7 11. d4 bxc3 12. bxc3 Ba5 13. Bb2 Rb8 14. Nb3 cxd4 15. Nfxd4 Nxd4 16. Qxd4 Bb6 17. Qd2 f6 18. Nd4 fxe5 19. Rxe5 Ng6 20. Re2 Qd6 21. Kh1 Kh8 22. a4 Bc5 23. f4 Bd7 24. Rae1 Rf6 25. Nb5 Qb6 26. c4 a6 27. a5 Qb7 28. Bxf6 axb5 29. Bd4 Bxd4 30. Qxd4 bxc4 31. f5 exf5 32. Bxd5 Qb4 33. a6 Rd8 34. a7 Qa5 35. Bg2 h6 1-0

[Event "Oberliga Ost-B 1112"]
[Site "Germany"]
[Date "2012.01.15"]
[Round "7.4"]
[White "Schlamp, Robert"]
[Black "Knickel, Aaron"]
[Result "1-0"]
[WhiteElo "2339"]
[BlackElo "2159"]
[PlyCount "69"]
[EventDate "2011.10.02"]
[EventType "team-tourn"]
[EventRounds "11"]
[EventCountry "GER"]
[SourceTitle "EXT 2013"]
[Source "ChessBase"]
[SourceDate "2012.11.22"]
[SourceVersion "1"]
[SourceVersionDate "2012.11.22"]
[SourceQuality "1"]
[WhiteTeam "Oberursel"]
[BlackTeam "Neuberg"]
[WhiteTeamCountry "GER"]
[BlackTeamCountry "GER"]

1. e4 g6 2. d4 d6 3. Nf3 Bg7 4. Be2 Nd7 5. 0-0 e6 6. Bg5 Ne7 7. Nc3 h6 8. Bc1 a6 9. a4 b6 10. Re1 0-0 11. Ra3 e5 12. Bf1 Bb7 13. dxe5 dxe5 14. Bc4 Nc5 15. Qe2 Nc6 16. Nd5 Ne6 17. c3 Kh7 18. Rd1 Qe8 19. b4 Ne7 20. Ra1 Nc8 21. g3 Nd6 22. Bb3 Nc8 23. Ba3 c6 24. Ne3 b5 25. Bb2 c5 26. Bd5 Rb8 27. axb5 axb5 28. bxc5 Nxc5 29. Qc2 Nb6 30. Ba3 Qc8 31. Rab1 Nxd5 32. Nxd5 Ba6 33. c4 Qg4 34. Bxc5 Rfc8 35. cxb5 1-0